| 000 | 00377cam a22001217a 4500 | ||
|---|---|---|---|
| 008 | 180718b1961 xxu||||| |||| 00| 0 eng d | ||
| 082 | _aG295 L/1961 | ||
| 245 |
_aJoint sitting of House of Parliament: debates _cby Lok Sabha Secretariat |
||
| 260 |
_aNew Delhi _bLok Sabha Secretariat _c1961 |
||
| 300 | _a-v- | ||
| 500 | _aLibrary has v.1 | ||
| 700 | _aIndia. Lok Sabha Secretariat | ||
| 999 |
_c491134 _d491134 |
||